Statistics for Country Word Search #9

Click here to take the quiz!

General Stats

  • This quiz has been taken 5,047 times
    (4,580 since last reset)
  • The average score is 10 of 11

Answers on the Map

Answers color-coded by a green-red scale on the quiz's map according to % correct below.
 

Answer Stats

Answer% Correct
Congo
99%
Rwanda
97%
Lesotho
95%
Algeria
93%
Andorra
92%
Guyana
90%
Iran
90%
Sweden
87%
Ghana
85%
Cyprus
80%
Nauru
77%

Score Distribution

Percentile by Number Answered

Percent of People with Each Score

Your Score History

You have not taken this quiz since the last reset